| 000 | 01365Cam a2200373 İ 4500 | ||
|---|---|---|---|
| 999 |
_c200448164 _d66376 |
||
| 001 | 200448164 | ||
| 003 | TR-AnTOB | ||
| 005 | 20220317094319.0 | ||
| 007 | TA | ||
| 008 | 220317s1990 sz a b i00000 eng d | ||
| 020 | _a9221070697 (report VII) | ||
| 022 | _a0074-6681 | ||
| 035 | _a(ICU)BID13051088 | ||
| 035 | _a(OCoLC)21988349 | ||
| 040 |
_aJNA _beng _erda _cJNA _dICU |
||
| 041 | 0 | _aeng | |
| 050 | 1 | 4 |
_aHD8036 _b.P76 1990 |
| 090 |
_aTOBBK HD8036 _b.P76 1990 |
||
| 245 | 0 | 4 |
_aThe promotion of self-employment : _breport VII / _cInternational Labour Office. |
| 264 | 1 |
_aGeneva : _bInternational Labour Office, _c1990. |
|
| 300 |
_av, 123 pages : _billustrations ; _c24 cm |
||
| 336 |
_atext _btxt _2rdacontent |
||
| 337 |
_aunmediated _bn _2rdamedia |
||
| 338 |
_avolume _bnc _2rdacarrier |
||
| 500 | _aAt head of title: International Labour Conference, 77th Session, 1990. | ||
| 500 | _aSeventh item on the agenda. | ||
| 650 | 0 |
_aSelf-employed _0http://id.loc.gov/authorities/subjects/sh85119737 _922954 |
|
| 650 | 7 |
_aSelf-employed. _2fast _0http://id.worldcat.org/fast/fst01111635 |
|
| 710 | 2 | 0 |
_aInternational Labour Office _0http://id.loc.gov/authorities/names/n79086351 _927101 |
| 711 | 0 |
_aInternational Labour Conference _n(77th : _d1990 : _cGeneva, Switzerland) _9105907 |
|
| 942 |
_2z _cBK |
||